01349nac a22003737a 4500001001000000003000900010005001700019008003400036040005400070072001300124090001900137100001800156100001800174100001900192110006300211245016600274260003600440300000900476490009900485650002000584650001000604650001700614650001100631650001900642650001000661650001500671650002100686650002800707650001100735909004700746942001700793999001900810952014600829BR8106533BR-BrBNA20240105115113.0230509b bl.|||m| |||| 00| 0 por d aBR-BrBNAbporcBiblioteca Nacional de Agricultura aH10; H20 a1410 BR81065331 aBianchini, A.1 aHohmann, C.L.1 aAlberini, J.L.1 aFundacao Instituto Agronomico do Parana, Londrina (Brasil)1 aDistribuicao geografica e orientacoes tecnicas para prevencao do mosaico dourado do feijoeiro no Estado do Parana [vetor, mosca branca, controle quimico, Brasil]3 aLondrina, PR (Brasil): c1981.  a3 p. aInforme da Pesquisa - Fundacao Instituto Agronomico do Parana (Brazil)vno. 42xISSN 0100-9508 aMOSAICO DOURADO aVETOR aMOSCA BRANCA aFEIJAO aVIROSE VEGETAL aVIRUS aPROFILAXIA aCONTROLE QUIMICO aDISTRIBUICAO GEOGRAFICA aPARANA a202312bLúcia Elandec55dLúcia Elande 2AGRISn0cMS c273049d273049 002AGRIS40708Acervo Gerala41918b41918cAGROBASEl0o1410 BR8106533p1410 BR8106533r2023-12-18yMSePortaria Interministerial nº 164/94